[Event "TUR Cup"]
[Site "Antalya"]
[Date "2020.01.31"]
[Round "9"]
[White "Acar, Ozgur"]
[Black "Uzunoglu, Yusuf"]
[Result "0-1"]
[WhiteElo "1742"]
[BlackElo "1270"]
[PlyCount "126"]
[EventDate "2020.01.26"]
[EventType "swiss"]
[EventRounds "11"]
[EventCountry "TUR"]
[SourceTitle "CBM 194 Extra"]
[Source "ChessBase"]
[SourceDate "2020.03.31"]
[SourceVersion "1"]
[SourceVersionDate "2020.03.31"]
[SourceQuality "1"]

1. c4 g6 2. Nc3 Bg7 3. d4 d6 4. g3 Nf6 5. Bg2 0-0 6. e3 Nbd7 7. Nge2 c5 8. b3 Qc7 9. Bb2 a6 10. 0-0 Rb8 11. a4 cxd4 12. exd4 e5 13. dxe5 dxe5 14. Nd5 Nxd5 15. Bxd5 Rd8 16. Nc3 Nf6 17. Re1 Be6 18. Qf3 Nxd5 19. cxd5 Bf5 20. Ne4 Qd7 21. Rad1 b5 22. a5 Rbc8 23. b4 Bxe4 24. Qxe4 Rc4 25. Qd3 Rxb4 26. Bxe5 Bxe5 27. Rxe5 Qd6 28. Qc3 Rc4 29. Qe3 Rc5 30. f4 b4 31. Re8+ Rxe8 32. Qxe8+ Kg7 33. Qe5+ Qxe5 34. fxe5 Kf8 35. Kf2 Rxa5 36. Ke3 Rb5 37. Kd4 Ke7 38. Kc4 b3 39. Rb1 b2 40. Kd4 Kd7 41. Kc4 h5 42. Kd4 Rb4+ 43. Kc3 Rb5 44. Kc4 Kc7 45. Kd4 Kb6 46. e6 fxe6 47. dxe6 Kc7 48. Kc3 Kd6 49. Kc2 Kxe6 50. Re1+ Kf5 51. Kb1 Kg4 52. Re6 a5 53. Rxg6+ Kh3 54. Rg7 Kxh2 55. g4 a4 56. g5 a3 57. Ra7 Rb3 58. g6 Rg3 59. Rxa3 Rxg6 60. Kxb2 h4 61. Kc1 Kg2 62. Ra2+ Kg1 63. Rd2 Rf6 0-1

[Event "TUR Cup"]
[Site "Antalya"]
[Date "2020.01.30"]
[Round "8"]
[White "Durucay, Ethem"]
[Black "Acar, Ozgur"]
[Result "1-0"]
[WhiteElo "1412"]
[BlackElo "1742"]
[PlyCount "105"]
[EventDate "2020.01.26"]
[EventType "swiss"]
[EventRounds "11"]
[EventCountry "TUR"]
[SourceTitle "CBM 194 Extra"]
[Source "ChessBase"]
[SourceDate "2020.03.31"]
[SourceVersion "1"]
[SourceVersionDate "2020.03.31"]
[SourceQuality "1"]

1. d4 d5 2. Bf4 e6 3. e3 c5 4. c3 Nc6 5. Nf3 Nf6 6. Bd3 Be7 7. 0-0 0-0 8. Re1 Nh5 9. Bg3 Nxg3 10. hxg3 f6 11. e4 Bd6 12. e5 fxe5 13. dxe5 Bc7 14. Na3 a6 15. Rc1 b5 16. Qc2 h6 17. Qe2 Qe8 18. Bb1 Qh5 19. Qd3 Rf5 20. Nxb5 axb5 21. Qxb5 Nxe5 22. Bxf5 Nxf3+ 23. gxf3 Qxf5 24. Qxc5 Qf7 25. c4 Ra5 26. Qc6 Ra6 27. Qc5 Ra5 28. Qe3 d4 29. Qb3 Rf5 30. f4 e5 31. Qb5 Bd7 32. Qd5 Be6 33. Qa8+ Kh7 34. Qe4 g6 35. b3 Bc8 36. Rcd1 Ba5 37. Re2 Bb7 38. Qd3 Rh5 39. f3 Bb6 40. Rxe5 Rxe5 41. fxe5 Qxf3 42. Qxf3 Bxf3 43. Rd2 d3+ 44. Kf1 Be2+ 45. Rxe2 dxe2+ 46. Kxe2 Bc7 47. Kf3 Bxe5 48. c5 Kg7 49. a4 h5 50. a5 Kf7 51. a6 Bb8 52. c6 Ke7 53. c7 1-0

[Event "TUR Cup"]
[Site "Antalya"]
[Date "2020.01.27"]
[Round "2"]
[White "Sener, Berke"]
[Black "Acar, Ozgur"]
[Result "0-1"]
[WhiteElo "1324"]
[BlackElo "1742"]
[PlyCount "86"]
[EventDate "2020.01.26"]
[EventType "swiss"]
[EventRounds "11"]
[EventCountry "TUR"]
[SourceTitle "CBM 194 Extra"]
[Source "ChessBase"]
[SourceDate "2020.03.31"]
[SourceVersion "1"]
[SourceVersionDate "2020.03.31"]
[SourceQuality "1"]

1. d4 d5 2. Bf4 e6 3. e3 c5 4. c3 Nc6 5. Nf3 Bd6 6. Bg3 c4 7. b3 b5 8. Nbd2 Nf6 9. bxc4 bxc4 10. Rb1 0-0 11. Be2 Qc7 12. Qc2 e5 13. dxe5 Nxe5 14. Nxe5 Bxe5 15. Nf3 Bxg3 16. hxg3 g6 17. Nd4 Bd7 18. Bf3 Rab8 19. 0-0 Qa5 20. Rfe1 Rb6 21. Rxb6 axb6 22. e4 dxe4 23. Bxe4 Nxe4 24. Rxe4 Ra8 25. Re7 Qd5 26. Qe2 Bc6 27. f3 Qd6 28. g4 b5 29. Re5 Rb8 30. f4 Bd5 31. f5 b4 32. Re8+ Rxe8 33. Qxe8+ Kg7 34. cxb4 c3 35. a4 Bc6 36. Nxc6 c2 37. f6+ Qxf6 38. Qe1 Qxc6 39. Qe5+ Qf6 40. Qe1 Qd4+ 41. Kh2 Qf4+ 42. g3 c1Q 43. Qg1 Qxg1+ 0-1

[Event "TUR Cup"]
[Site "Antalya"]
[Date "2020.01.26"]
[Round "1"]
[White "Acar, Ozgur"]
[Black "Yaran, Siar"]
[Result "0-1"]
[WhiteElo "1742"]
[BlackElo "2248"]
[PlyCount "78"]
[EventDate "2020.01.26"]
[EventType "swiss"]
[EventRounds "11"]
[EventCountry "TUR"]
[SourceTitle "CBM 194 Extra"]
[Source "ChessBase"]
[SourceDate "2020.03.31"]
[SourceVersion "1"]
[SourceVersionDate "2020.03.31"]
[SourceQuality "1"]

1. d4 Nf6 2. c4 e6 3. a3 c5 4. d5 exd5 5. cxd5 g6 6. Nc3 Bg7 7. Nf3 0-0 8. Bg5 d6 9. e3 Bg4 10. h3 Bxf3 11. Qxf3 Nbd7 12. Bc4 a6 13. 0-0 b5 14. Ba2 Qe7 15. Rfd1 Rfb8 16. Qe2 c4 17. b3 Qe5 18. Bxf6 Bxf6 19. Rac1 cxb3 20. Bxb3 Nc5 21. Ba2 Qe8 22. Qd2 a5 23. Ne2 b4 24. axb4 axb4 25. Nd4 Bxd4 26. exd4 Ne4 27. Qb2 Nc3 28. Re1 Rxa2 29. Rxe8+ Rxe8 30. Qxb4 Ne2+ 31. Kh2 Nxc1 32. Qxd6 Rxf2 33. Qc6 Ree2 34. d6 Rxg2+ 35. Kh1 Rh2+ 36. Kg1 Reg2+ 37. Kf1 Rf2+ 38. Ke1 Nd3+ 39. Kd1 Rd2# 0-1

[Event "TUR Cup"]
[Site "Antalya"]
[Date "2019.01.30"]
[Round "5"]
[White "Acar, Ozgur"]
[Black "Hanci, Ilker"]
[Result "0-1"]
[WhiteElo "1798"]
[BlackElo "1615"]
[PlyCount "86"]
[EventDate "2019.01.27"]
[EventType "swiss"]
[EventRounds "11"]
[EventCountry "TUR"]
[SourceTitle "CBM 188 Extra"]
[Source "ChessBase"]
[SourceDate "2019.02.26"]
[SourceVersion "1"]
[SourceVersionDate "2019.02.26"]
[SourceQuality "1"]

1. e4 Nc6 2. f4 d5 3. e5 d4 4. Nf3 Bf5 5. Bc4 d3 6. cxd3 e6 7. Qb3 Rb8 8. d4 Nxd4 9. Nxd4 Qxd4 10. Bb5+ Kd8 11. Qe3 Qxe3+ 12. dxe3 c6 13. Be2 Bc5 14. Nc3 Ne7 15. e4 Bg6 16. Bf3 Kc7 17. Ke2 Rhd8 18. g4 h6 19. f5 Bh7 20. f6 Ng6 21. fxg7 Bd4 22. g5 hxg5 23. Bxg5 Rg8 24. Bf6 Bxe5 25. Bxe5+ Nxe5 26. Rhg1 Nxf3 27. Kxf3 Bg6 28. Kf4 Rxg7 29. Ke5 Rh7 30. Ne2 Rh5+ 31. Kf6 Rxh2 32. Nf4 Bxe4 33. Kxf7 Rh7+ 34. Rg7 Rxg7+ 35. Kxg7 Bd5 36. a3 Kd6 37. Re1 a5 38. Nd3 b5 39. Kg6 Rf8 40. Kg5 Rf3 41. Rd1 Rf5+ 42. Kg6 Bf3 43. Rd2 Rd5 0-1

[Event "TUR-chT 2nd League"]
[Site "Konya"]
[Date "2018.07.19"]
[Round "5.7"]
[White "Bedel, Sercan Sahin"]
[Black "Acar, Ozgur"]
[Result "1-0"]
[WhiteElo "1794"]
[BlackElo "1853"]
[PlyCount "149"]
[EventDate "2018.07.16"]
[EventType "team-swiss"]
[EventRounds "9"]
[EventCountry "TUR"]
[SourceTitle "EXT 2019"]
[Source "ChessBase"]
[SourceDate "2018.10.10"]
[SourceVersion "1"]
[SourceVersionDate "2018.10.10"]
[SourceQuality "1"]
[WhiteTeam "Yalova Altinkale"]
[BlackTeam "Samsun Gercek"]
[WhiteTeamCountry "TUR"]
[BlackTeamCountry "TUR"]

1. e4 c6 2. d3 d5 3. Nd2 e5 4. Ngf3 Bd6 5. c3 Be6 6. Be2 Ne7 7. d4 Nd7 8. 0-0 0-0 9. Re1 Ng6 10. Bf1 f5 11. dxe5 Ndxe5 12. Nd4 Bd7 13. exd5 cxd5 14. N2f3 Qb6 15. a4 Ng4 16. Qc2 Rae8 17. Rxe8 Rxe8 18. h3 Nf6 19. a5 Qc7 20. Nxf5 Bc5 21. N5d4 Ne4 22. Be3 Ne5 23. Nxe5 Rxe5 24. b4 Bxd4 25. Bxd4 Rg5 26. f3 Ng3 27. Qd2 Rg6 28. Re1 Bxh3 29. Be5 Nxf1 30. Qxd5+ Qf7 31. Qd8+ Qf8 32. Qxf8+ Kxf8 33. Kxf1 Rxg2 34. Re4 Rc2+ 35. Ke1 Bf5 36. Bd6+ Kf7 37. Re7+ Kg6 38. Be5 a6 39. Rxg7+ Kh6 40. Rxb7 Bd3 41. Bf4+ Kg6 42. Bd2 Ra2 43. Rd7 Bb5 44. Kf2 Ra1 45. Rd6+ Kg7 46. Bh6+ Kf7 47. Rd4 Ra2+ 48. Bd2 Rc2 49. Kg3 Ra2 50. Kf4 Ra1 51. c4 Ba4 52. Rd6 Rd1 53. Ke3 Bb3 54. Rxa6 Bxc4 55. Rc6 Bb5 56. Rc5 Bf1 57. b5 Rb1 58. b6 Ba6 59. Kf4 Ke6 60. Rc7 h5 61. Kg5 Rb5+ 62. Kh4 Rd5 63. Bc3 Rb5 64. Ra7 Bc8 65. f4 Kd6 66. Be5+ Ke6 67. Kxh5 Rb3 68. Rc7 Kf5 69. Kh6 Rh3+ 70. Kg7 Rg3+ 71. Kf8 Be6 72. a6 Rg8+ 73. Ke7 Rg2 74. b7 Rb2 75. Bxb2 1-0

[Event "TUR-chT 2nd League"]
[Site "Konya"]
[Date "2017.07.18"]
[Round "2.5"]
[White "Kutlu, Sedat"]
[Black "Acar, Ozgur"]
[Result "1-0"]
[WhiteElo "1824"]
[BlackElo "1853"]
[PlyCount "91"]
[EventDate "2017.07.17"]
[EventType "team-swiss"]
[EventRounds "9"]
[EventCountry "TUR"]
[SourceTitle "CBM 179 Extra"]
[Source "ChessBase"]
[SourceDate "2017.08.23"]
[SourceVersion "1"]
[SourceVersionDate "2017.08.23"]
[SourceQuality "1"]
[WhiteTeam "Mugla Ortaca Belediye"]
[BlackTeam "Samsun Gercek"]
[WhiteTeamCountry "TUR"]
[BlackTeamCountry "TUR"]

1. e4 d6 2. d4 g6 3. c4 Bg7 4. f4 e6 5. Nf3 Ne7 6. Nc3 b6 7. Bd3 0-0 8. 0-0 c6 9. Be3 f5 10. e5 d5 11. Rc1 a5 12. Bf2 dxc4 13. Bxc4 b5 14. Bb3 a4 15. Bc2 Nd5 16. Nxd5 cxd5 17. Bd3 Bd7 18. Bh4 Qb6 19. Be7 Re8 20. Bc5 Qb7 21. Qe2 Na6 22. Rc2 Rec8 23. Rfc1 Bf8 24. a3 Rc7 25. Bxf8 Rxc2 26. Rxc2 Kxf8 27. h4 h6 28. Qf2 Rc8 29. h5 Rxc2 30. Bxc2 gxh5 31. Qh4 Be8 32. Qf6+ Qf7 33. Qxh6+ Ke7 34. Nh4 Bd7 35. Nxf5+ exf5 36. Qd6+ Kd8 37. Qxa6 Qe6 38. Qxe6 Bxe6 39. Bd1 Bf7 40. Kh2 Kc7 41. Kg3 Kb6 42. Kh4 Ka5 43. Bxh5 Bxh5 44. Kxh5 b4 45. axb4+ Kxb4 46. e6 1-0

[Event "TUR-ch"]
[Site "Kemer"]
[Date "2012.01.31"]
[Round "4"]
[White "Acar, Ozgur"]
[Black "Dogan, Mire Deniz"]
[Result "0-1"]
[WhiteElo "1914"]
[BlackElo "1641"]
[PlyCount "82"]
[EventDate "2012.01.29"]
[EventType "swiss"]
[EventRounds "10"]
[EventCountry "TUR"]
[SourceTitle "CBM 146 Extra"]
[Source "ChessBase"]
[SourceDate "2012.02.29"]
[SourceVersion "1"]
[SourceVersionDate "2012.02.29"]
[SourceQuality "1"]

1. d4 d5 2. Nf3 Nf6 3. c4 e6 4. Nc3 c6 5. Bg5 Nbd7 6. Qc2 Qa5 7. Bd2 Bb4 8. e4 dxe4 9. Nxe4 Bxd2+ 10. Qxd2 Qxd2+ 11. Nfxd2 0-0 12. Nd6 e5 13. dxe5 Nxe5 14. 0-0-0 Neg4 15. Re1 Nxf2 16. Rg1 Rd8 17. c5 b6 18. Bc4 Be6 19. Kc2 bxc5 20. Nb7 Rxd2+ 21. Kxd2 Bxc4 22. Nxc5 Rd8+ 23. Kc3 Bd5 24. Re7 Bxg2 25. Rxa7 N2e4+ 26. Nxe4 Bxe4 27. a4 g6 28. a5 Rd3+ 29. Kb4 Bd5 30. Rg3 Rd4+ 31. Ka3 Ne4 32. Re3 Nc5 33. b4 Ne4 34. Rd7 Nd2 35. Re8+ Kg7 36. Red8 Nc4+ 37. Kb3 Nxa5+ 38. Ka4 Nc4 39. Re7 Rd3 40. b5 c5 41. b6 Bc6# 0-1

[Event "TUR-ch"]
[Site "Kemer"]
[Date "2011.02.11"]
[Round "8"]
[White "Cakiroglu, Metin"]
[Black "Acar, Ozgur"]
[Result "1-0"]
[WhiteElo "1697"]
[BlackElo "1924"]
[PlyCount "97"]
[EventDate "2011.02.05"]
[EventType "swiss"]
[EventRounds "10"]
[EventCountry "TUR"]
[SourceTitle "CBM 140 Extra"]
[Source "ChessBase"]
[SourceDate "2011.03.01"]
[SourceVersion "1"]
[SourceVersionDate "2011.03.01"]
[SourceQuality "1"]

1. e4 e5 2. Nf3 Nc6 3. Bc4 h6 4. d4 exd4 5. Nxd4 d6 6. 0-0 Ne5 7. Be2 Nf6 8. Nc3 Bd7 9. f4 Nc6 10. Bc4 Be7 11. Nxc6 Bxc6 12. Qe2 0-0 13. e5 dxe5 14. fxe5 Bc5+ 15. Kh1 Nd5 16. Qg4 Ne3 17. Bxe3 Bxe3 18. Rxf7 Rxf7 19. Rf1 Be8 20. Qf3 Qe7 21. Qxe3 Kh8 22. Bxf7 Bxf7 23. Qf4 Kg8 24. h3 Re8 25. Rf3 c6 26. Qf5 Rf8 27. Rg3 Bh5 28. Nd5 cxd5 29. Qxh5 Re8 30. Qxh6 Qxe5 31. Qg5 Qd4 32. Rd3 Re1+ 33. Kh2 Re5 34. Rd2 Kf7 35. Kg3 Ke6 36. Kf3 Kd6 37. c4 b5 38. cxd5 Rxd5 39. Qxd5+ Kxd5 40. h4 a5 41. g4 Kc4 42. h5 Qe3+ 43. Kxe3 a4 44. g5 a3 45. bxa3 Kc3 46. Rb2 Kxb2 47. h6 gxh6 48. gxh6 Kxa2 49. h7 1-0